Không gì là không thể = You can

Những triết lý đơn giản nhưng vô cùng sâu sắc và hữu dụng giúp bạn đạt được thành công như mong đợi. Đến với những bí quyết này, bạn sẽ nhận ra rằng: không có giới hạn nào trong tư duy của con người ngoài những giới hạn do chính con ngưo...

Szczegółowa specyfikacja

Zapisane w:
Opis bibliograficzny
1. autor: Adams, George Matthew
Format: Książka
Język:Undetermined
Wydane: Tp Hồ Chí Minh Trẻ 2012
Hasła przedmiotowe:
Etykiety: Dodaj etykietę
Nie ma etykietki, Dołącz pierwszą etykiete!
Thư viện lưu trữ: Trung tâm Học liệu Trường Đại học Cần Thơ
LEADER 00990nam a2200217Ia 4500
001 CTU_180887
008 210402s9999 xx 000 0 und d
020 |c 44000 
082 |a 158.1 
082 |b A211 
100 |a Adams, George Matthew 
245 0 |a Không gì là không thể = 
245 0 |b You can 
245 0 |c George Matthew Adams ; Thu Hằng, An Bình (Biên dịch) 
260 |a Tp Hồ Chí Minh 
260 |b Trẻ 
260 |c 2012 
520 |a Những triết lý đơn giản nhưng vô cùng sâu sắc và hữu dụng giúp bạn đạt được thành công như mong đợi. Đến với những bí quyết này, bạn sẽ nhận ra rằng: không có giới hạn nào trong tư duy của con người ngoài những giới hạn do chính con người đặt ra. 
650 |a Success,Thành công 
904 |i Tú, Sa 
980 |a Trung tâm Học liệu Trường Đại học Cần Thơ